000 01355nab a22002297a 4500
999 _c5517
_d5517
003 OSt
005 20251210154745.0
008 190604e xxu||||| |||| 00| 0 spa d
040 _cPJ
100 _91712
_aLeiva Fernandez, Luis F. P.
245 1 3 _aEl contrato de claque y sus variantes :
_btanática, recreativa o requirente /
_cLuis F. P. Leiva Fernández.
260 _aCiudad Autónoma de Buenos Aires :
_bThomson Reuters La Ley,
_c2025.
300 _ap. 37-48
500 _aCita Online: TR LALEY AR/DOC/1711/2025.
505 _aSumario: I. Método de este ensayo.— II. Uso histórico del contrato de claque tanática.— III. El contrato de claque tanática. Su uso en entierros y velatorios.— IV. El contrato de claque recreativa.— V. El contrato de claque requirente. Su uso actual y contraprestación.— VI. Mi concepto del contrato de claque.— VII. Relaciones jurídicas en torno del contrato de claque.— VIII. Algunas conclusiones.
505 _t¿Te interesa el texto completo? Solicitalo al correo: koha@justierradelfuego.gov.ar
650 0 _91497
_aCODIGO CIVIL Y COMERCIAL
650 0 _93463
_aCONTRATOS
650 0 _aCONDUCTA CONTRACTUAL
773 0 _02714
_93171
_dCiudad Autónoma de Buenos Aires : Thomson Reuters La Ley, 2014-
_tRevista anales de legislación argentina. Nº 10- Octubre 2025.
942 _2udc
_cANA